| 000 -CABECERA |
| Longitud fija campo de control |
00437naa a2200157 a 4500 |
| 001 - NÚMERO DE CONTROL |
| Número de control |
1178 |
| 003 - IDENTIFICADOR DEL NÚMERO DE CONTROL |
| Identificador del número de control |
CDMR |
| 005 - FECHA Y HORA DE LA ÚLTIMA TRANSACCIÓN |
| Fecha y hora de la última transacción |
20130116135202.0 |
| 008 - CÓDIGOS DE INFORMACIÓN DE LONGITUD FIJA |
| Códigos de información de longitud fija |
130130s ||||||||||||r|||||||||||||||d |
| 040 ## - FUENTE DE LA CATALOGACIÓN |
| Centro catalogador de origen |
CDMR |
| Lengua de catalogación |
cat |
| Centro transcriptor |
CDMR |
| 100 1# - PUNTO DE ACCESO PRINCIPAL-NOMBRE DE PERSONA |
| Nombre de persona |
Duran i Ventosa, Lluís |
| 9 (RLIN) |
923 |
| 245 10 - MENCIÓN DE TÍTULO |
| Título |
Enric Prat de la Riba |
| 600 14 - PUNTO DE ACCESO ADICIONAL DE MATERIA - NOMBRE DE PERSONA |
| Nombre de persona |
Prat de la Riba, Enric |
| 9 (RLIN) |
924 |
| 773 0# - ENLACE AL DOCUMENTO FUENTE |
| Encabezamiento principal |
|
| Título |
Anuaria de la Asociación de la Prensa Diaria |
| Parte(s) relacionada(s) |
Año I, 1923, p.109-116 |
| 942 ## - ENTRADA DE ELEMENTOS AGREGADOS (KOHA) |
| Koha [por defecto] tipo de item |
Capítols |